000 02884nam0a2200469 4500
001 RU\NLR\BIBL_A\012895689
005 20221227114035.0
010 _a978-5-00177-418-1
_9500
021 _aRU
_bКН-П-22-049394
_9КН-П-22-4285
035 _a(NLR Aleph) 012895689
035 _a(RuMoRGB)011158717
090 _a12564761
_c12564761
100 _a20220926d2022 k y0rusy50 ca
101 0 _arus
_deng
102 _aRU
105 _aa z 000zy
181 0 _ai
_baxxe
182 0 _an
200 1 _aРоль инноваций в трансформации и устойчивом развитии современной науки
_eмонография
_fНежельченко Е.В., Ясенок С.Н., Окороков Р.В. [и др.]
_g[под ред. А. А. Сукиасяна]
_gАэтерна, научно-издательский центр, Omega Science, Международный центр инновационных исследований
203 _aТекст
_bвизуальный
_cнепосредственный
210 _aУфа
_cАЭТЕРНА
_cМЦИИ ОМЕГА САЙНС
_d2022
215 _a231 с.
_cил.
_d20
300 _aВ кн. авт.: Нежельченко Е.В. к.э.н., Ясенок С.Н. к.э.н., Окороков Р.В. д.э.н.
300 _aАвт. указаны на обороте тит. с.
300 _aРез. гл. на англ. яз.
309 _aНа тит. с. и в вып. дан.: вып. 66
320 _aБиблиогр. в конце гл.
330 _aМонография "Роль инноваций в трансформации и устойчивом развитии современной науки" посвящена широкому кругу проблем, которые находятся в центре внимания. Монография призвана дать представление о актуальных теоретических и практических вопросах научного развития
606 1 _aГуманитарные науки
_2nlr_sh2
_3RU\NLR\AUTH\661308230
675 _a082
_v4
686 1 _aЧ21
686 1 _aС
701 1 _aНежельченко
_bЕ. В.
_gЕлена Васильевна
701 1 _aЯсенок
_bС. Н.
_gСветлана Николаевна
701 1 _aОкороков
_bР. В.
_gРоман Васильевич
_3RU\NLR\AUTH\7760375
702 1 _aСукиасян
_bА. А.
_cканд. экон. наук
_gАсатур Альбертович
_3RU\NLR\AUTH\770222603
_4340
712 0 2 _a"Аэтерна", научно-издательский центр
_cУфа
_3RU\NLR\AUTH\880404035
_4475
942 _cBOOK
980 _aNB